书目信息 |
| 题名: |
是的哲学研究
|
|
| 作者: | 萧诗美 著 | |
| 分册: | ||
| 出版信息: | 武汉 武汉大学出版社 2003 |
|
| 页数: | 384页 | |
| 开本: | 20cm | |
| 丛书名: | 马克思主义哲学研究丛书 | |
| 单 册: | ||
| 中图分类: | B016 | |
| 科图分类: | ||
| 主题词: | 本体论 | |
| 电子资源: | ||
| ISBN: | 7-307-03854-4 | |
| 000 | 00729nam2 2200241 45 | |
| 001 | 0410260889 | |
| 005 | 20050927110840.81 | |
| 010 | @a7-307-03854-4@dCNY14.00 | |
| 100 | @a20041026d2003 km y0chiy0120 ea | |
| 101 | 0 | @achi |
| 105 | @ah z 000yy | |
| 200 | 1 | @a是的哲学研究@AShi De Zhe Xue Yan Jiu@f萧诗美著@FXiao Shi Mei Zhu |
| 210 | @a武汉@c武汉大学出版社@d2003 | |
| 215 | @a384页@c摹真@d20cm | |
| 225 | @a马克思主义哲学研究丛书@f汪信砚主编 | |
| 300 | @a附录:汪子嵩先生给作者的书信一封等 | |
| 410 | @12001 @a马克思主义哲学研究丛书 | |
| 410 | @1700 0@a汪信砚@AWang Xin Yan@4主编 | |
| 606 | 0 | @a本体论 |
| 690 | @aB016@v4 | |
| 701 | 0 | @a萧诗美@4著 |
| 801 | @aCN@bTSTCL@c20050927 | |
| 905 | @b336090-094@dB016@e147@f5 | |
| 是的哲学研究/萧诗美著.-武汉:武汉大学出版社,2003 |
| 384页:摹真;20cm.-(马克思主义哲学研究丛书/汪信砚主编) |
| 附录:汪子嵩先生给作者的书信一封等 |
| ISBN 7-307-03854-4:CNY14.00 |
| ● |
| 相关链接 |
|
|
|
|
正题名:是的哲学研究
索取号:B016/147
 
预约/预借
| 序号 | 登录号 | 条形码 | 馆藏地/架位号 | 状态 | 备注 |
| 1 | 0336090 | 203360905 | 密集书库/ [索取号:B016/147] | 在馆 | |
| 2 | 0336091 | 203360914 | 密集书库/ [索取号:B016/147] | 在馆 | |
| 3 | 0336092 | 203360923 | 密集书库/ [索取号:B016/147] | 在馆 | |
| 4 | 0336093 | 203360932 | 密集书库/ [索取号:B016/147] | 在馆 | |
| 5 | 0336094 | 203360941 | 第一样本阅览室/ [索取号:B016/147] | 在馆 | |
| 6 | 0363726 | 3637265 | 密集书库/ [索取号:B016/147] | 在馆 | |
| 7 | 0363727 | 3637274 | 第一借阅区/ [索取号:B016/147] | 在馆 | |
| 8 | 0363728 | 3637283 | 第一借阅区/ [索取号:B016/147] | 在馆 | |
| 9 | 0363729 | 3637292 | 密集书库/ [索取号:B016/147] | 在馆 | |
| 10 | 0363730 | 3637309 | 第一借阅区/ [索取号:B016/147] | 在馆 |